| 000 | 00495nam a22001697a 4500 | ||
|---|---|---|---|
| 005 | 20231101133810.0 | ||
| 008 | 231101b |||||||| |||| 00| 0 eng d | ||
| 020 | _a0702156272 | ||
| 041 | _aEnglish | ||
| 082 | _a346.7 HAV | ||
| 100 |
_aHavenga, P _lEnglish |
||
| 245 |
_aThe Law of Insurance Intermediaries / _cP Havenga |
||
| 260 |
_aCape Town : _bJUTA Law, _c2001 |
||
| 300 |
_bxxv, 242 pages ; _c25 cm. |
||
| 650 |
_aLegal practice _bLaw |
||
| 942 |
_cBK _6ALISON_BN_VRIES |
||
| 999 |
_c226 _d226 |
||